Panduan undang-undang am mengandungi : Perlembagaan Persekutuan, Akta Kumpulan Wang Simpanan Pekerja dan Peraturan-Peraturan, Undang-Undang Pencen dan Peraturan-Peraturan Pencen (hingga 15hb Disember 1994)

Bibliographic Details
Corporate Author: MALAYSIA
Format: Book
Published: Kuala Lumpur : International Law Book Services , 1994
Series:Undang-undang Malaysia
Subjects:

MARC

LEADER 00000cam a2200000 7i4500
001 0000000605
005 20000911.0
020 0 0 |a 9678906619 
090 0 0 |a 340.09595   |b MAL 1994 
110 1 0 |a MALAYSIA 
245 1 0 |a Panduan undang-undang am mengandungi :   |b Perlembagaan Persekutuan, Akta Kumpulan Wang Simpanan Pekerja dan Peraturan-Peraturan, Undang-Undang Pencen dan Peraturan-Peraturan Pencen (hingga 15hb Disember 1994)   |c disusun oleh Lembaga Penyelidikan Undang-Undang 
260 0 0 |a Kuala Lumpur :   |b International Law Book Services ,   |c 1994 
300 |a xii, 503 p. ;   |c 24 cm. 
440 0 0 |a Undang-undang Malaysia 
651 0 0 |a Malaysia   |x Akta Kumpulan Wang Simpanan Pekerja, 1991 
651 0 0 |a Malaysia   |x Akta Pencen 1980 
651 0 0 |a Malaysia   |x Constitutional law 
651 0 0 |a Malaysia   |x Law and legislations 
651 0 0 |a Malaysia   |x Perlembagaan Persekutuan 
999 |a 0000000382   |b Monograph   |c Open Shelf   |e Default branch